000 00529nam a2200181Ia 4500
003 GCL
008 140319s9999 xx 000 0 ara d
040 _aGCL /
_cGCL
082 0 4 _aق
_b355.00962
_bع م
100 1 _aعلى محمد شلبى
245 1 0 _aالمصريون والجندية فى القرن التاسع عشر /
_cعلى محمد شلبى
300 _a252 ص
490 _a100 قصة
_v0
650 0 4 _aمصر
650 0 4 _aالتاريخ الحديث
650 0 4 _aالجيش المصرى
942 _2ddc
_cBK
999 _c43562
_d43562